UPAVEDAS IKS IN APPLICATION (Record no. 8778)

MARC details
000 -LEADER
fixed length control field 00433nam a22001577a 4500
005 - DATE AND TIME OF LATEST TRANSACTION
control field 20250828122038.0
008 - FIXED-LENGTH DATA ELEMENTS--GENERAL INFORMATION
fixed length control field 250828b |||||||| |||| 00| 0 eng d
020 ## - INTERNATIONAL STANDARD BOOK NUMBER
ISBN 978-93-80864-66-2
041 ## - LANGUAGE CODE
Language code of text/sound track or separate title eng
082 ## - DEWEY DECIMAL CLASSIFICATION NUMBER
Classification number 294.592
100 ## - MAIN ENTRY--AUTHOR NAME
Personal name MAHULIKAR, PROF GAURI AND DESHPANDE, UTKARSHA
245 ## - TITLE STATEMENT
Title UPAVEDAS IKS IN APPLICATION
260 ## - PUBLICATION, DISTRIBUTION, ETC. (IMPRINT)
Place of publication KERALA
Name of publisher CHINMAYA INTERNATIONAL FOUNDATION
Year of publication 2025
300 ## - PHYSICAL DESCRIPTION
Number of Pages 162;P
942 ## - ADDED ENTRY ELEMENTS (KOHA)
Koha item type Books
Holdings
Lost status Damaged status Collection code Home library Current library Date acquired Source of acquisition Cost, normal purchase price Full call number Accession Number Koha item type
    BHARTIYA GYAN PARAMPARA JRU Library JRU Library 28/08/2025 PURCHASE 250.00 294.592 28762 Books